000 00464cam a2200181ua 4500
001 1354
008 110707n ii |||gr||||Z||||||eng
040 _cMAIN
082 _a301
100 _aSharma, R. N.,
_d1931,
_q(Ram Nath Sharma).
245 1 _aPrinciples of Sociology
_cBy R. N. Sharma
250 _a1st.
260 _aBombay:
_bAsia Publishing House.
300 _avi; 460p:
_c23cm.
653 _aSociology
653 _aprinciples of Sociology
942 _cBK
999 _c1252
_d1252